Eastern Utah Libraries Catalog: Duchesne, Heber, Roosevelt, & Vernal

Armored reptiles / (Record no. 310619)

MARC details
000 -LEADER
fixed length control field 02577cam a2200613Ki 4500
001 - CONTROL NUMBER
control field on1017475731
003 - CONTROL NUMBER IDENTIFIER
control field OCoLC
005 - DATE AND TIME OF LATEST TRANSACTION
control field 20200320212311.0
008 - FIXED-LENGTH DATA ELEMENTS--GENERAL INFORMATION
fixed length control field 171227t20182018mnua j 001 0 eng d
010 ## - LIBRARY OF CONGRESS CONTROL NUMBER
LC control number 2017946541
019 ## -
-- 1005343347
020 ## - INTERNATIONAL STANDARD BOOK NUMBER
International Standard Book Number 9781532112928
Qualifying information hardcover
020 ## - INTERNATIONAL STANDARD BOOK NUMBER
International Standard Book Number 1532112920
Qualifying information hardcover
020 ## - INTERNATIONAL STANDARD BOOK NUMBER
International Standard Book Number 9781532150784
020 ## - INTERNATIONAL STANDARD BOOK NUMBER
International Standard Book Number 1532150784
020 ## - INTERNATIONAL STANDARD BOOK NUMBER
Terms of availability 18.95
035 ## - SYSTEM CONTROL NUMBER
System control number (OCoLC)1017475731
Canceled/invalid control number (OCoLC)1005343347
040 ## - CATALOGING SOURCE
Original cataloging agency DCB
Language of cataloging eng
Description conventions rda
Transcribing agency DCB
Modifying agency DCB
-- OCLCO
-- YDX
-- BDX
-- SINLB
-- OCLCF
-- TS4
-- MJ8
-- T3J
-- WACOL
049 ## - LOCAL HOLDINGS (OCLC)
Holding library WACL
050 14 - LIBRARY OF CONGRESS CALL NUMBER
Classification number QE862.O65
Item number H35 2018
082 04 - DEWEY DECIMAL CLASSIFICATION NUMBER
Classification number 567.915
Edition number 23
082 14 - DEWEY DECIMAL CLASSIFICATION NUMBER
Classification number 567.915
Edition number 14
092 ## - LOCALLY ASSIGNED DEWEY CALL NUMBER (OCLC)
Classification number J567.9
Item number Ham
100 1# - MAIN ENTRY--PERSONAL NAME
Personal name Hamilton, Sue L.,
Dates associated with a name 1959-
Relator term author.
9 (RLIN) 5758839
245 10 - TITLE STATEMENT
Title Armored reptiles /
Statement of responsibility, etc by S.L. Hamilton.
264 #1 - Production, Publication, Distribution, Manufacture, and Copyright Notice.
Place of production, publication, distribution, manufacture Minneapolis, Minnesota :
Name of producer, publisher, distributor, manufacturer A & D Xtreme, an imprint of Abdo Publishing Company,
Date of production, publication, distribution, manufacture, or copyr [2018]
264 #4 - Production, Publication, Distribution, Manufacture, and Copyright Notice.
Date of production, publication, distribution, manufacture, or copyr ©2018
300 ## - PHYSICAL DESCRIPTION
Extent 32 pages :
Other physical details color illustrations ;
Dimensions 24 cm.
336 ## - Content Type
Content type term text
336 ## - Content Type
Content type term still image
337 ## - Media type
Media type term unmediated
338 ## - Carrier type
Carrier type term volume
490 1# - SERIES STATEMENT
Series statement Xtreme dinosaurs
500 ## - GENERAL NOTE
General note Includes index.
520 ## - SUMMARY, ETC.
Summary, etc Simple text and detailed photographs and illustrations bring reluctant readers into the world of armored reptiles from the Mesozoic era. This book includes close-up photos and descriptions of the bones these dinosaurs used as protection and weapons. Habitats, eating habits, and extinction are also covered. Aligned to Common Core Standards and correlated to state standards.
650 #0 - SUBJECT ADDED ENTRY--TOPICAL TERM
Topical term or geographic name as entry element Ornithischia
Form subdivision Juvenile literature.
9 (RLIN) 5974343
650 #0 - SUBJECT ADDED ENTRY--TOPICAL TERM
Topical term or geographic name as entry element Dinosaurs
Form subdivision Juvenile literature.
9 (RLIN) 5673950
650 #0 - SUBJECT ADDED ENTRY--TOPICAL TERM
Topical term or geographic name as entry element Paleontology
Form subdivision Juvenile literature.
9 (RLIN) 5733970
650 #7 - SUBJECT ADDED ENTRY--TOPICAL TERM
Topical term or geographic name as entry element Dinosaurs.
Source of heading or term fast
-- (OCoLC)fst00893996
9 (RLIN) 5974344
650 #7 - SUBJECT ADDED ENTRY--TOPICAL TERM
Topical term or geographic name as entry element Ornithischia.
Source of heading or term fast
-- (OCoLC)fst01048335
9 (RLIN) 5974345
650 #7 - SUBJECT ADDED ENTRY--TOPICAL TERM
Topical term or geographic name as entry element Paleontology.
Source of heading or term fast
-- (OCoLC)fst01051513
9 (RLIN) 5974346
650 #1 - SUBJECT ADDED ENTRY--TOPICAL TERM
Topical term or geographic name as entry element Ornithischians.
9 (RLIN) 5845483
650 #1 - SUBJECT ADDED ENTRY--TOPICAL TERM
Topical term or geographic name as entry element Prehistoric animals.
9 (RLIN) 102609
650 #1 - SUBJECT ADDED ENTRY--TOPICAL TERM
Topical term or geographic name as entry element Dinosaurs.
9 (RLIN) 5974344
655 #7 - INDEX TERM--GENRE/FORM
Genre/form data or focus term Juvenile works.
Source of term fast
-- (OCoLC)fst01411637
9 (RLIN) 5673941
655 #7 - INDEX TERM--GENRE/FORM
Genre/form data or focus term Juvenile works.
Source of term lcgft
9 (RLIN) 5673941
800 1# - SERIES ADDED ENTRY--PERSONAL NAME
Personal name Hamilton, Sue L.,
Dates associated with a name 1959-
Title of a work Xtreme dinosaurs.
9 (RLIN) 5974347
938 ## -
-- Brodart
-- BROD
-- 120936372
938 ## -
-- YBP Library Services
-- YANK
-- 14854141
942 ## - ADDED ENTRY ELEMENTS (KOHA)
Koha item type BOOK
948 ## - LOCAL PROCESSING INFORMATION (OCLC); SERIES PART DESIGNATOR (RLIN)
Series part designator, SPT (RLIN) 07/09/2018
z (OCLC) Sirsi
994 ## -
-- C0
-- WACOL
996 ## -
-- 150985
-- 34301001554684
-- JNF
-- bk
-- wcl
-- i
-- 6
-- 18.95
-- midamerica
-- 567.9 Ham
-- 07/09/2018
-- 02/14/2020
-- 01/27/2020
Holdings
Withdrawn status Lost status Source of classification or shelving scheme Damaged status Not for loan Collection code Home library Current library Shelving location Date acquired Cost, normal purchase price Total Checkouts Total Renewals Full call number Barcode Date last seen Date checked out Cost, replacement price Price effective from Koha item type
    Dewey Decimal Classification     Junior NonFiction Wasatch County Library Wasatch County Library Second Floor 07/09/2018 18.95 18 6 J 567.9 Ham 34301001554684 02/25/2026 02/14/2026 18.95 03/20/2020 BOOK
This project was made possible through a grant from the Institute of Museum and Library Service administered by the Utah State Library Division.

Wasatch County Library

  • 465 East 1200 South, Heber City, Utah 84032
  • Phone 435-654-1511 | Fax 435-654-6456

Hours

  • Monday - Friday 9:30 AM - 8:00 PM
  • Saturday 9:30 AM - 1:30 PM
  • Closed Sundays and Holidays